[Event "CZE-ch U12 Girls"]
[Site "Sec u Chrudimi"]
[Date "2008.03.14"]
[Round "8"]
[White "Holubova, Veronika"]
[Black "Vlckova, Katerina"]
[Result "0-1"]
[WhiteElo "1250"]
[BlackElo "1434"]
[PlyCount "70"]
[EventDate "2008.03.08"]
[EventType "swiss"]
[EventRounds "9"]
[EventCountry "CZE"]
[SourceTitle "EXT 2009"]
[Source "ChessBase"]
[SourceDate "2008.11.26"]
[SourceVersion "1"]
[SourceVersionDate "2008.11.26"]
[SourceQuality "1"]

1. e4 e5 2. Nf3 Nc6 3. Bc4 Bc5 4. 0-0 d6 5. d3 h6 6. Nc3 Bg4 7. h3 Bh5 8. a3 Nf6 9. b4 Bb6 10. Na4 Qd7 11. Nxb6 axb6 12. Bb5 0-0 13. Qe2 Rad8 14. Qe3 Rfe8 15. Nh4 d5 16. Qg3 Kh7 17. Nf5 Bg6 18. h4 Bxf5 19. exf5 Qxf5 20. d4 Nxd4 21. Bd3 e4 22. Qe3 exd3 23. Qxd4 dxc2 24. Bb2 Qe4 25. f3 Qxd4+ 26. Bxd4 Re2 27. Bb2 d4 28. Bc1 d3 29. Ra2 Rde8 30. Ra1 d2 31. Bxd2 Rxd2 32. a4 Ree2 33. Kh2 Nh5 34. Kh3 Rxg2 35. Rg1 Nf4# 0-1